| 000 | 02181nam a2200409 c 4500 | ||
|---|---|---|---|
| 003 | BLK | ||
| 005 | 20240809165522.0 | ||
| 008 | 180413b bul|||||r ||||||| ||bul|| | ||
| 010 | _aKNG00027974000 | ||
| 020 |
_a954-520-139-8 _bиздат.: Отворено о-во |
||
| 040 | _aBLK | ||
| 041 |
_aBUL _cBUL |
||
| 080 |
_aСоциография. Социално положение. Условия на политическия и социалния живот. Социално и социално-икономическо положение на отделните страни, народи, раси. Социална география. (Общи въпроси) _b308 _x(439) _z308(439) |
||
| 080 |
_aИстория на Унгария. Вж и 943.6 _b943.9 _x _z943.9 |
||
| 080 |
_aЦивилизация. Култура. Прогрес. История на културата вж 930.85 _b008 _x(439) _z008(439) |
||
| 100 | 1 |
_aБур, Марта _eпърви автор _9268179 |
|
| 700 | 1 |
_aБур-Марковска, Марта _9366054 |
|
| 700 | 1 |
_aМарковски, Димитър Дочев _eсъавт. _9268180 |
|
| 139 |
_aБур-Марковска, Марта _bБ 87 |
||
| 245 | 1 | 0 |
_aУнгария _bИз кривините на свидната си участ _cМарта Бур; Марта Бур-Марковска; съавт. Димитър Дочев Марковски. |
| 257 | _aBGR | ||
| 260 |
_аСофия _bОтворено о-во _c1999 _fСофия : Образование и наука |
||
| 300 |
_a224 с., 8 л. _bцв. ил. _c21 см |
||
| 380 | _a3 | ||
| 490 | 1 | _aОчерци за европейските страни | |
| 500 | _aОфс. изд. - 1 100 тир. - Съдържа и Летописна справка ; Унгарски владетели. - Библиогр. с. 224. | ||
| 504 | _a224 | ||
| 650 | 4 |
_aУнгария _9268181 |
|
| 651 | 4 |
_aУнгария _9268181 |
|
| 653 | _aУнгария | ||
| 852 | _aЦб 200859 | ||
| 856 | 4 |
_qpdf _u |
|
| 856 | 4 |
_qpdf _u |
|
| 942 |
_cKNG _n0 _04 |
||
| 944 |
_aCR _c15.01.2003 _k30531 _lЦветелина Шанова |
||
| 944 |
_aED _c09.11.2010 _k |
||
| 999 |
_c25436 _d25436 |
||